Spoznajte sa: ako zastaviť emocionálnu búrku?
Podstata emocionálneho majstrovstva. Technika sebapozorovania.
Salvato in:
| Autore principale: | |
|---|---|
| Altri autori: | |
| Natura: | Capitolo di libro |
| Lingua: | slovacco |
| Soggetti: | |
| Tags: |
Nessun Tag, puoi essere il primo ad aggiungerne!!
|
MARC
| LEADER | 00000naa a2200000 4500 | ||
|---|---|---|---|
| 001 | 0248917 | ||
| 005 | 20181115122259.6 | ||
| 041 | 0 | |a slo | |
| 044 | |a SK | ||
| 245 | 1 | 0 | |a Spoznajte sa: ako zastaviť emocionálnu búrku? |c Martina Mošková, Miroslava Košibová |
| 520 | |a Podstata emocionálneho majstrovstva. Technika sebapozorovania. | ||
| 610 | 2 | 0 | |a lídri |
| 610 | 2 | 0 | |a inteligencia emocionálna |
| 610 | 2 | 0 | |a inteligencia sociálna |
| 610 | 2 | 0 | |a komunikácia manažérska |
| 610 | 2 | 0 | |a sebapoznanie |
| 610 | 2 | 0 | |a sebakontrola |
| 100 | 1 | |a Mošková, Martina | |
| 700 | 1 | |a Košibová, Miroslava | |